000 01184nam0a22002771 4500
001 rc\3802594
005 20260407122422.0
021 _aRU
_b75-ОЭ-360/1
021 _aRU
_bРг4156-75
035 _a(NLR Aleph) 007248095
090 _a5175705
_c5175705
100 _a20120311d1975 |||y0rusy50 ca
101 0 _arus
102 _aRU
105 _ay z |||||
200 1 _aИспользование диадинамических токов при лечении инфектартритов
_eМетод. рекомендации
_fМ-во здрав. СССР. Укр. ин-т усовершенствования врачей. Кафедра физиотерапии и курортологии
210 _aХарьков
_cБ. и.
_d1975
215 _a5 с.
_d20
300 _aНа обороте тит. л.: разраб. Кульминская Т.Е.
702 1 _aКульминская
_bТ.Е.
_4570
712 0 2 _aУкраинский институт усовершенствования врачей
_cХарьков
_3RU\NLR\AUTH\889958624
_9413427
801 0 _aRU
_bNLR
_gpsbo
801 1 _aRU
_bELAR
_2rusmarc
852 _aNLR
_j75-4/18548
942 _cBOOK
980 _aNB